[Event "BCF-chT3E 2223 (4NCL)"]
[Site "England"]
[Date "2022.11.05"]
[Round "1.61"]
[White "Kanellopoulos, Panayotis"]
[Black "Lohia, Sohum"]
[Result "1-0"]
[WhiteElo "2272"]
[BlackElo "2136"]
[PlyCount "94"]
[EventDate "2022.11.05"]
[EventType "team-tourn"]
[EventRounds "11"]
[EventCountry "ENG"]
[SourceTitle "EXT 2024"]
[Source "ChessBase"]
[SourceDate "2023.10.10"]
[SourceVersion "1"]
[SourceVersionDate "2023.10.10"]
[SourceQuality "1"]
[WhiteTeam "Anglian Avengers"]
[BlackTeam "Watford"]
[WhiteTeamCountry "ENG"]
[BlackTeamCountry "ENG"]

1. c4 Nf6 2. g3 e6 3. Bg2 d5 4. Nf3 d4 5. e3 c5 6. exd4 cxd4 7. 0-0 Nc6 8. Re1 Bd6 9. d3 0-0 10. Na3 e5 11. Nc2 h6 12. b4 Re8 13. Rb1 a6 14. Rb3 Bg4 15. h3 Be6 16. Rb1 Qc8 17. Kh2 b5 18. c5 Nd5 19. Bd2 Bc7 20. a4 Qd7 21. Na3 Rab8 22. axb5 axb5 23. Qc2 f5 24. Qb2 Nf6 25. Nc2 Ra8 26. Ra1 Bd5 27. Rxa8 Rxa8 28. Ra1 Rd8 29. Ra6 Nb8 30. Ra7 Nc6 31. Ra6 Nb8 32. Ra3 Nc6 33. Qa1 Bxf3 34. Bxf3 e4 35. Bg2 Ne5 36. Ra8 Nxd3 37. Nxd4 Rxa8 38. Qxa8+ Kh7 39. Be3 g5 40. c6 Qd5 41. Qc8 Qe5 42. Nxf5 Kg6 43. Nd4 Nxb4 44. Ne6 Nbd5 45. Bd4 Qd6 46. Bxe4+ Nxe4 47. Qe8+ Kf5 1-0

[Event "GRE-chT 45th"]
[Site "Achaia"]
[Date "2017.07.07"]
[Round "6.15"]
[White "Kanellopoulos, Panayotis"]
[Black "Tepelenis, Nikolaos"]
[Result "1-0"]
[WhiteElo "2218"]
[BlackElo "2084"]
[PlyCount "103"]
[EventDate "2017.07.03"]
[EventType "team-swiss"]
[EventRounds "7"]
[EventCountry "GRE"]
[SourceTitle "CBM 179 Extra"]
[Source "ChessBase"]
[SourceDate "2017.08.23"]
[SourceVersion "1"]
[SourceVersionDate "2017.08.23"]
[SourceQuality "1"]
[WhiteTeam "Patron Sailing"]
[BlackTeam "Ioannina"]
[WhiteTeamCountry "GRE"]
[BlackTeamCountry "GRE"]

1. c4 Nf6 2. g3 g6 3. Bg2 Bg7 4. Nc3 0-0 5. e4 d6 6. Nge2 c5 7. 0-0 Nc6 8. d3 Bg4 9. h3 Bxe2 10. Qxe2 Nd4 11. Qd1 Rb8 12. a4 b6 13. Be3 Nd7 14. Rb1 Ne5 15. Bxd4 cxd4 16. Nb5 Nc6 17. e5 Nxe5 18. Nxa7 Qd7 19. Nb5 Qf5 20. Nxd4 Qxd3 21. Nc6 Qxc4 22. Rc1 Qd3 23. Nxb8 Rxb8 24. Rc7 e6 25. f4 Qxg3 26. fxe5 Bxe5 27. Rf3 Qh2+ 28. Kf1 d5 29. Rc2 Bd6 30. Qe1 Bc5 31. Qg3 Qg1+ 32. Ke2 Ra8 33. Rf1 Qd4 34. Qf4 Qxf4 35. Rxf4 f5 36. b3 Kg7 37. Rf1 Kf6 38. Rfc1 Rb8 39. a5 Bd4 40. Kd3 Bc5 41. a6 Ra8 42. Ra2 Ra7 43. Ra4 Ke5 44. b4 b5 45. Rxc5 bxa4 46. b5 Kd6 47. Rc6+ Kd7 48. Kc3 Rc7 49. Rxc7+ Kxc7 50. a7 Kb7 51. b6 g5 52. Bf1 1-0

[Event "GRE-chT 44th"]
[Site "Achaia"]
[Date "2016.07.07"]
[Round "4.12"]
[White "Kanellopoulos, Panayotis"]
[Black "Trifonas, Spyridon"]
[Result "1-0"]
[WhiteElo "2206"]
[BlackElo "1969"]
[PlyCount "131"]
[EventDate "2016.07.05"]
[EventType "team-swiss"]
[EventRounds "7"]
[EventCountry "GRE"]
[SourceTitle "CBM 173 Extra"]
[Source "ChessBase"]
[SourceDate "2016.08.29"]
[SourceVersion "1"]
[SourceVersionDate "2016.08.29"]
[SourceQuality "1"]
[WhiteTeam "Patras Sailing"]
[BlackTeam "Corfu SPZ"]
[WhiteTeamCountry "GRE"]
[BlackTeamCountry "GRE"]

1. c4 e5 2. Nc3 Nf6 3. Nf3 d6 4. g3 Be7 5. Bg2 0-0 6. 0-0 Re8 7. d4 Nbd7 8. b3 c6 9. e4 Qc7 10. h3 Bf8 11. Re1 a6 12. Bg5 h6 13. Be3 b5 14. Nd2 Bb7 15. Rc1 Qb8 16. Qc2 Be7 17. Kh2 Bd8 18. dxe5 dxe5 19. c5 Be7 20. Ne2 Nf8 21. f4 N6d7 22. Nf3 Ne6 23. b4 a5 24. Red1 exf4 25. Nxf4 Nef8 26. a3 axb4 27. axb4 Ra3 28. Bd4 Ra4 29. Nd3 Ne6 30. Bc3 Nf6 31. Nb2 Ra3 32. Be5 Qc8 33. Rd3 Rxd3 34. Qxd3 Rd8 35. Qe3 Nd7 36. Bc3 Ng5 37. Rf1 Rf8 38. Nh4 Ne6 39. Nf5 Bg5 40. Qf3 Qc7 41. h4 Bd8 42. Nd3 Kh7 43. Nd6 Kg8 44. Qg4 Bc8 45. Bh3 Kh7 46. Qf5+ Kg8 47. Nxf7 Nf6 48. Nd6 Bd7 49. Qg6 Kh8 50. Nf7+ Kg8 51. Nxh6+ Kh8 52. Nf7+ Kg8 53. Nd6 Qa7 54. e5 Qa2+ 55. Bb2 Nh7 56. Rxf8+ Nhxf8 57. Qf7+ Kh8 58. Bxe6 Qxe6 59. Qxf8+ Kh7 60. Qf1 Qg4 61. Qf2 Be6 62. Nf4 Bb3 63. Qe2 Qd7 64. Qd3+ Kh8 65. Qxb3 g5 66. e6+ 1-0

[Event "Kavala op 23rd"]
[Site "Kavala"]
[Date "2014.08.03"]
[Round "3"]
[White "Kanellopoulos, Panayotis"]
[Black "Enchev, Ivajlo"]
[Result "0-1"]
[WhiteElo "2270"]
[BlackElo "2393"]
[PlyCount "132"]
[EventDate "2014.08.02"]
[EventType "swiss"]
[EventRounds "9"]
[EventCountry "GRE"]
[SourceTitle "CBM 161 Extra"]
[Source "ChessBase"]
[SourceDate "2014.08.29"]
[SourceVersion "1"]
[SourceVersionDate "2014.08.29"]
[SourceQuality "1"]

1. c4 c5 2. g3 Nc6 3. Bg2 g6 4. Nc3 Bg7 5. Nf3 d6 6. 0-0 Qd7 7. a3 b6 8. d3 Bb7 9. Bd2 Nh6 10. Rb1 Nf5 11. b4 0-0 12. b5 Ncd4 13. e3 Nxf3+ 14. Bxf3 e6 15. a4 d5 16. cxd5 exd5 17. Ne2 a5 18. Bg2 Rad8 19. Bc1 h5 20. d4 c4 21. Ba3 Rfe8 22. Qd2 Bh6 23. Nf4 h4 24. Rfe1 hxg3 25. hxg3 Bg5 26. Bf3 Kg7 27. Kg2 Bc8 28. Rh1 Bxf4 29. exf4 Rh8 30. Rbe1 Rde8 31. Bb2 Rxe1 32. Qxe1 Rxh1 33. Kxh1 f6 34. Kg1 Qd8 35. Bc3 Kf7 36. Kg2 Be6 37. Qh1 Kg7 38. Qe1 Qe7 39. Kg1 Kf7 40. Bd1 Qd7 41. f3 Qd6 42. g4 Ng7 43. Qe3 Bd7 44. Bc2 Qa3 45. Kf1 Qa2 46. Qd2 f5 47. Kg2 Qa3 48. Kg3 Ne8 49. g5 Ng7 50. Qe3 Nh5+ 51. Kh4 Be6 52. Bd2 Qb2 53. Bd1 Qa1 54. Bc1 Qb1 55. Qd2 Bd7 56. Kh3 Ng7 57. Qe3 Ne6 58. Qd2 Qa1 59. Bb2 Nxf4+ 60. Kg3 Nh5+ 61. Kh4 Qb1 62. Bc1 Qa1 63. Bb2 Qb1 64. Bc1 f4 65. Bc2 Qa1 66. Bd1 c3 0-1

[Event "GRE-chT 42nd"]
[Site "Porto Rio"]
[Date "2014.06.30"]
[Round "4.1"]
[White "Kanellopoulos, Panayotis"]
[Black "Skalkotas, Nikolaos"]
[Result "1-0"]
[WhiteElo "2258"]
[BlackElo "2177"]
[PlyCount "62"]
[EventDate "2014.06.28"]
[EventType "team-swiss"]
[EventRounds "7"]
[EventCountry "GRE"]
[SourceTitle "CBM 161 Extra"]
[Source "ChessBase"]
[SourceDate "2014.08.29"]
[SourceVersion "1"]
[SourceVersionDate "2014.08.29"]
[SourceQuality "1"]
[WhiteTeam "Nautical Association"]
[BlackTeam "Pan GA"]
[WhiteTeamCountry "GRE"]
[BlackTeamCountry "GRE"]

1. Nf3 Nf6 2. c4 b6 3. g3 Bb7 4. Bg2 e5 5. 0-0 e4 6. Ne1 d5 7. cxd5 Qxd5 8. Nc3 Qe6 9. d3 h6 10. Bf4 g5 11. Be3 c5 12. Qb1 Nc6 13. Nxe4 Nxe4 14. Bxe4 f5 15. Bg2 0-0-0 16. Nf3 Rg8 17. Qd1 Bg7 18. Qd2 Bh8 19. Qd1 Bxb2 20. Rb1 Bh8 21. Qa4 Rd5 22. Rfc1 f4 23. Bxc5 Rxc5 24. Rxc5 bxc5 25. Qb5 Rg7 26. Qxc5 Rd7 27. Rc1 Kb8 28. gxf4 gxf4 29. Qf8+ Rd8 30. Rxc6 Rxf8 31. Rxe6 Rg8 1-0

[Event "GRE-chT 42nd"]
[Site "Porto Rio"]
[Date "2014.06.29"]
[Round "2.1"]
[White "Kanellopoulos, Panayotis"]
[Black "Tsanas, Athanasios"]
[Result "0-1"]
[WhiteElo "2258"]
[BlackElo "2282"]
[PlyCount "87"]
[EventDate "2014.06.28"]
[EventType "team-swiss"]
[EventRounds "7"]
[EventCountry "GRE"]
[SourceTitle "CBM 161 Extra"]
[Source "ChessBase"]
[SourceDate "2014.08.29"]
[SourceVersion "1"]
[SourceVersionDate "2014.08.29"]
[SourceQuality "1"]
[WhiteTeam "Nautical Association"]
[BlackTeam "Glyfadas Zenon"]
[WhiteTeamCountry "GRE"]
[BlackTeamCountry "GRE"]

1. c4 g6 2. Nc3 Bg7 3. g3 Nf6 4. Bg2 0-0 5. Nf3 d6 6. 0-0 e5 7. d3 h6 8. Rb1 a5 9. a3 Re8 10. b4 axb4 11. axb4 e4 12. Nd4 exd3 13. exd3 Ng4 14. Nde2 Nc6 15. h3 Nf6 16. b5 Ne7 17. Nd5 Nfxd5 18. cxd5 Nf5 19. Bb2 Bxb2 20. Rxb2 Qf6 21. Rc2 Re7 22. Rc4 Bd7 23. Nc3 Nd4 24. Ne4 Qe5 25. f4 Qg7 26. Rxc7 Bg4 27. Rxe7 Bxd1 28. Rxd1 Nf5 29. Rxb7 Ra2 30. Rd2 Qd4+ 31. Kh2 Rxd2 32. Nxd2 Qb2 33. Nf1 Nd4 34. h4 Nf3+ 35. Kh3 Ng1+ 36. Kh2 Nf3+ 37. Kh3 Ne1 38. Bh1 Nxd3 39. b6 Qe2 40. Nh2 Nf2+ 41. Kg2 Ng4+ 42. Kh3 Qxh2+ 43. Kxg4 Qxh1 44. Rd7 0-1

[Event "GRE-chT 41st"]
[Site "Achaia"]
[Date "2013.07.05"]
[Round "5.2"]
[White "Malikentzos, Sotirios"]
[Black "Kanellopoulos, Panayotis"]
[Result "1/2-1/2"]
[WhiteElo "2347"]
[BlackElo "2241"]
[PlyCount "92"]
[EventDate "2013.07.02"]
[EventType "team-swiss"]
[EventRounds "7"]
[EventCountry "GRE"]
[SourceTitle "CBM 155 Extra"]
[Source "ChessBase"]
[SourceDate "2013.08.26"]
[SourceVersion "1"]
[SourceVersionDate "2013.08.26"]
[SourceQuality "1"]
[WhiteTeam "Thessaloniki HS"]
[BlackTeam "Patron CN"]
[WhiteTeamCountry "GRE"]
[BlackTeamCountry "GRE"]

1. Nf3 Nf6 2. c4 g6 3. g3 Bg7 4. d4 0-0 5. Bg2 d6 6. 0-0 Nc6 7. Nc3 a6 8. b3 Rb8 9. Nd5 e6 10. Nxf6+ Qxf6 11. Bb2 Qe7 12. e4 e5 13. d5 Nd8 14. Nd2 f5 15. f4 exf4 16. Bxg7 Qxg7 17. Rxf4 g5 18. Rf1 f4 19. gxf4 gxf4 20. Kh1 Kh8 21. Rc1 b6 22. b4 Qh6 23. Qf3 Bd7 24. c5 bxc5 25. bxc5 Bb5 26. Rf2 Rf6 27. cxd6 cxd6 28. e5 dxe5 29. Ne4 Rf8 30. Rc7 Nf7 31. Qc3 Rbe8 32. a4 Bxa4 33. Nc5 Bb5 34. Ne6 Kg8 35. Bh3 Qh5 36. Bg4 Qh6 37. Rg2 Kh8 38. Nxf8 Rxf8 39. Be6 f3 40. Rf2 Ng5 41. Qxe5+ Qf6 42. Qe3 Be2 43. h3 Qf4 44. Qc3+ Qf6 45. Qe3 Qf4 46. Qc3+ Qf6 1/2-1/2

[Event "GRE-chT 40th"]
[Site "Achaia"]
[Date "2012.06.30"]
[Round "1.3"]
[White "Kanellopoulos, Panayotis"]
[Black "Nikolaidis, Ioannis"]
[Result "0-1"]
[WhiteElo "2248"]
[BlackElo "2557"]
[PlyCount "94"]
[EventDate "2012.06.30"]
[EventType "team-swiss"]
[EventRounds "7"]
[EventCountry "GRE"]
[SourceTitle "CBM 149 Extra"]
[Source "ChessBase"]
[SourceDate "2012.08.24"]
[SourceVersion "1"]
[SourceVersionDate "2012.08.24"]
[SourceQuality "1"]
[WhiteTeam "Patron"]
[BlackTeam "Corinth Argonaftis REC"]
[WhiteTeamCountry "GRE"]
[BlackTeamCountry "GRE"]

1. Nf3 g6 2. c4 Bg7 3. Nc3 c5 4. g3 Nc6 5. Bg2 e6 6. d4 cxd4 7. Nb5 d5 8. cxd5 Qa5+ 9. Nd2 Qxb5 10. dxc6 Ne7 11. a4 Qb4 12. b3 bxc6 13. Ba3 Qa5 14. 0-0 Qc7 15. Bxe7 Kxe7 16. Qc1 Bd7 17. Ne4 Kf8 18. Nc5 Be8 19. Ra2 Qe7 20. Rc2 e5 21. e3 Bh6 22. Qe1 dxe3 23. fxe3 Kg7 24. e4 Rf8 25. Bh3 Rd8 26. Qc3 Kg8 27. Kg2 Rd4 28. Rcf2 Bg7 29. b4 h5 30. a5 Qd6 31. Rf3 Bh6 32. Rf6 Rd2+ 33. Kh1 Qd4 34. Qf3 Qb2 35. Bg2 Qxb4 36. Nb3 Rb2 37. Nc1 Bxc1 38. Rxc1 Rb1 39. Rf1 Bd7 40. Rxb1 Qxb1+ 41. Bf1 Bh3 42. Qe2 Kg7 43. Rf2 Rd8 44. Qc4 Be6 45. Qxc6 Rd2 46. Kg1 Rxf2 47. Kxf2 Qa2+ 0-1

[Event "GRE-chT 39th"]
[Site "Eretria"]
[Date "2011.07.07"]
[Round "6.12"]
[White "Kanellopoulos, Panayotis"]
[Black "Managadze, Nikoloz"]
[Result "0-1"]
[WhiteElo "2260"]
[BlackElo "2470"]
[PlyCount "91"]
[EventDate "2011.07.03"]
[EventType "team-swiss"]
[EventRounds "7"]
[EventCountry "GRE"]
[SourceTitle "CBM 143 Extra"]
[Source "ChessBase"]
[SourceDate "2011.08.29"]
[SourceVersion "1"]
[SourceVersionDate "2011.08.29"]
[SourceQuality "1"]
[WhiteTeam "Patron"]
[BlackTeam "Attica New Irakleion"]
[WhiteTeamCountry "GRE"]
[BlackTeamCountry "GRE"]

1. c4 e6 2. Nf3 d5 3. g3 Nf6 4. Bg2 c5 5. cxd5 exd5 6. d4 Nc6 7. 0-0 h6 8. Nc3 Be7 9. dxc5 Bxc5 10. Na4 Be7 11. Be3 b6 12. Nd4 Bd7 13. Nxc6 Bxc6 14. Bd4 0-0 15. Rc1 Qd7 16. Nc3 Rfd8 17. Qb3 Rac8 18. Rfd1 Qe6 19. Rd2 Bc5 20. Rcd1 Bxd4 21. Rxd4 Rd7 22. e3 Rcd8 23. a3 Qe5 24. Bh3 Rd6 25. Nb5 Bxb5 26. Qxb5 Ne4 27. Bg2 Nc5 28. b4 Ne6 29. Rxd5 Rxd5 30. Bxd5 Qb2 31. Qd3 Rd7 32. Qb3 Qe2 33. Kg2 Ng5 34. Qd3 Qg4 35. e4 Nh3 36. Kf1 Ng5 37. Kg2 h5 38. Rc1 h4 39. f4 Qh3+ 40. Kg1 Ne6 41. Qf3 hxg3 42. Qxg3 Qh5 43. Rf1 Nc7 44. Bb3 Nb5 45. Ba4 Rd2 46. Bd1 0-1

[Event "GRE-chT 39th"]
[Site "Eretria"]
[Date "2011.07.05"]
[Round "4.14"]
[White "Pantazis, Konstantinos"]
[Black "Kanellopoulos, Panayotis"]
[Result "0-1"]
[WhiteElo "1628"]
[BlackElo "2260"]
[PlyCount "105"]
[EventDate "2011.07.03"]
[EventType "team-swiss"]
[EventRounds "7"]
[EventCountry "GRE"]
[SourceTitle "CBM 143 Extra"]
[Source "ChessBase"]
[SourceDate "2011.08.29"]
[SourceVersion "1"]
[SourceVersionDate "2011.08.29"]
[SourceQuality "1"]
[WhiteTeam "Kalamata Chess Union"]
[BlackTeam "Patron"]
[WhiteTeamCountry "GRE"]
[BlackTeamCountry "GRE"]

1. e4 c5 2. c3 d6 3. d4 Nd7 4. Nf3 e6 5. Bd3 Ngf6 6. 0-0 Be7 7. Bf4 b6 8. Nbd2 0-0 9. h3 Bb7 10. Re1 cxd4 11. cxd4 Rc8 12. Qe2 Re8 13. Rac1 Rxc1 14. Rxc1 Qa8 15. Nh2 e5 16. dxe5 dxe5 17. Bg5 a6 18. f3 Bc5+ 19. Kh1 Nh5 20. Nhf1 h6 21. Be3 Bxe3 22. Qxe3 Qd8 23. Qf2 Nc5 24. Bc4 Nf4 25. Rc2 Qf6 26. Ne3 Rd8 27. Nb1 Rd4 28. Rd2 Rxd2 29. Qxd2 b5 30. Bf1 Kh7 31. Nc3 Nfe6 32. Ng4 Qf4 33. Qxf4 exf4 34. Ne5 f6 35. Nd3 Kg8 36. Kg1 Kf7 37. Kf2 Nxd3+ 38. Bxd3 Nc5 39. Ke2 Ke6 40. b4 Nxd3 41. Kxd3 Ke5 42. a4 bxa4 43. Nxa4 Bc6 44. Nc3 g5 45. Kc4 h5 46. Kc5 Bb7 47. Kb6 Bc8 48. Nd5 f5 49. Ne7 fxe4 50. fxe4 Bxh3 51. gxh3 Kxe4 52. Kxa6 f3 53. b5 0-1

[Event "Berlin Lichtenberger op 9th"]
[Site "Berlin"]
[Date "2010.08.15"]
[Round "9"]
[White "Kanellopoulos, Panayotis"]
[Black "Noetzel, Felix"]
[Result "1-0"]
[WhiteElo "2268"]
[BlackElo "1966"]
[PlyCount "95"]
[EventDate "2010.08.07"]
[EventType "swiss"]
[EventRounds "9"]
[EventCountry "GER"]
[SourceTitle "CBM 137 Extra"]
[Source "ChessBase"]
[SourceDate "2010.09.01"]
[SourceVersion "1"]
[SourceVersionDate "2010.09.01"]
[SourceQuality "1"]

1. c4 e6 2. b3 d5 3. Bb2 Nf6 4. Nf3 Bd6 5. g3 0-0 6. Bg2 Nbd7 7. Nc3 c6 8. 0-0 Re8 9. Qc2 Ne5 10. Nxe5 Bxe5 11. f4 Bd6 12. d4 Ng4 13. Qd3 f5 14. a4 Qe7 15. c5 Bc7 16. b4 Kh8 17. Bc1 Nf6 18. b5 Ne4 19. Nxe4 dxe4 20. Qc3 Bd7 21. Rb1 Red8 22. Ba3 Be8 23. b6 axb6 24. cxb6 Bd6 25. Bxd6 Qxd6 26. Rb4 Ra5 27. Rc4 Rda8 28. Ra1 Bh5 29. Kf2 Bf7 30. e3 Qd8 31. Qb4 e5 32. Rc5 Rxc5 33. Qxc5 exd4 34. Qxd4 Qxd4 35. exd4 Ra5 36. Bf1 Kg8 37. Ke3 Kf8 38. Kd2 Ke7 39. Kc3 Kd6 40. Kb4 Ra8 41. a5 Bh5 42. Bc4 h6 43. a6 bxa6 44. Ka5 g5 45. b7 Re8 46. Kb6 e3 47. Rxa6 e2 48. Bxe2 1-0

[Event "GRE-chT Div-A 38th"]
[Site "Peristeri"]
[Date "2010.07.06"]
[Round "2"]
[White "Kofidis, Andreas"]
[Black "Kanellopoulos, Panayotis"]
[Result "1-0"]
[WhiteElo "2407"]
[BlackElo "2266"]
[PlyCount "71"]
[EventDate "2010.07.05"]
[EventType "team-swiss"]
[EventRounds "7"]
[EventCountry "GRE"]
[SourceTitle "CBM 137 Extra"]
[Source "ChessBase"]
[SourceDate "2010.09.01"]
[SourceVersion "1"]
[SourceVersionDate "2010.09.01"]
[SourceQuality "1"]

1. e4 c5 2. Nf3 d6 3. d4 cxd4 4. Nxd4 Nf6 5. Nc3 a6 6. Bc4 e6 7. 0-0 Be7 8. a3 0-0 9. Ba2 Nc6 10. Kh1 Nxd4 11. Qxd4 e5 12. Qd3 Be6 13. Bg5 Ne8 14. Be3 Nf6 15. Nd5 Bxd5 16. Bxd5 Nxd5 17. Qxd5 Qc7 18. c4 Rac8 19. Rac1 Qc6 20. Rfd1 Rc7 21. b3 Rfc8 22. a4 b6 23. h3 Qb7 24. f4 Rc6 25. b4 Qb8 26. b5 axb5 27. axb5 exf4 28. bxc6 fxe3 29. Rc3 e2 30. Re1 Qc7 31. Rxe2 Qxc6 32. Ra3 Qxc4 33. Qxc4 Rxc4 34. Ra8+ Bf8 35. e5 d5 36. e6 1-0